[Event "Bayern-chI Bank Hofmann 25th"]
[Site "Tegernsee"]
[Date "2022.11.07"]
[Round "3"]
[White "Soham, Das1111"]
[Black "Schoetzig, Detlef"]
[Result "1-0"]
[WhiteElo "2343"]
[BlackElo "2090"]
[PlyCount "91"]
[EventDate "2022.11.05"]
[EventType "swiss"]
[EventRounds "9"]
[EventCountry "GER"]
[SourceTitle "CBM 211 Extra"]
[Source "ChessBase"]
[SourceDate "2023.01.31"]
[SourceVersion "1"]
[SourceVersionDate "2023.01.31"]
[SourceQuality "1"]

1. d4 Nf6 2. Nc3 d5 3. Bf4 e6 4. Nb5 Na6 5. e3 Be7 6. Nf3 0-0 7. Ne5 Bd7 8. Be2 Bxb5 9. Bxb5 c5 10. c3 Qb6 11. Qe2 c4 12. Ba4 Nb4 13. 0-0 Qa6 14. Bd1 Nd3 15. Bg5 Rfe8 16. Bxf6 Bxf6 17. Nxd3 cxd3 18. Qd2 e5 19. dxe5 Bxe5 20. g3 Rad8 21. Bf3 Re6 22. Rfd1 Rb6 23. Bg2 Qb5 24. Rab1 Qa4 25. Qxd3 Qxa2 26. Bxd5 Rbd6 27. e4 Qa5 28. f4 Qc5+ 29. Kg2 Bf6 30. c4 Be7 31. b4 Qc8 32. e5 Ra6 33. Rd2 Rh6 34. f5 Kf8 35. Qe4 b6 36. Rd3 Rh5 37. Rf3 Qc7 38. f6 gxf6 39. exf6 Bd6 40. Re1 Qd7 41. h4 Bxb4 42. Bc6 Qc8 43. Rd3 Kg8 44. Qg4+ Qxg4 45. Rxd8+ Bf8 46. Rxf8+ 1-0

[Event "Bayern-chI Bank Hofmann 22nd"]
[Site "Tegernsee"]
[Date "2018.10.30"]
[Round "4"]
[White "Schoetzig, Detlef"]
[Black "Rietze, Clemens"]
[Result "0-1"]
[WhiteElo "2102"]
[BlackElo "2293"]
[PlyCount "80"]
[EventDate "2018.10.27"]
[EventType "swiss"]
[EventRounds "9"]
[EventCountry "GER"]
[SourceTitle "CBM 187 Extra"]
[Source "ChessBase"]
[SourceDate "2018.11.04"]
[SourceVersion "1"]
[SourceVersionDate "2018.11.04"]
[SourceQuality "1"]

1. d4 Nf6 2. Nf3 d5 3. Bf4 g6 4. e3 Bg7 5. Nc3 0-0 6. Be2 c5 7. dxc5 Qa5 8. 0-0 Qxc5 9. Nd4 Rd8 10. Ncb5 Ne8 11. c3 e5 12. Nb3 Qb6 13. Bg3 a6 14. Na3 Nc6 15. Bf3 Be6 16. Qd2 Bh6 17. Qc2 Rac8 18. Rad1 f5 19. h3 Nf6 20. Bh4 g5 21. Bg3 f4 22. exf4 gxf4 23. Bh4 Bg7 24. Bxf6 Bxf6 25. Qe2 Ne7 26. Bg4 Kh8 27. Bxe6 Qxe6 28. Nd4 Qf7 29. Nf3 Qh5 30. Rfe1 e4 31. Nh2 f3 32. gxf3 Qxh3 33. Qf1 Qh4 34. fxe4 Be5 35. f4 Bxf4 36. Re2 Rg8+ 37. Kh1 Bxh2 38. Rxh2 Qxe4+ 39. Rg2 Nf5 40. Rd3 Rxg2 0-1

[Event "Oberliga Nord W 1718"]
[Site "Germany"]
[Date "2017.11.12"]
[Round "3.7"]
[White "Schoetzig, Detlef"]
[Black "Hoellmann, Ludger"]
[Result "0-1"]
[WhiteElo "2110"]
[BlackElo "2151"]
[PlyCount "50"]
[EventDate "2017.10.08"]
[EventType "team-tourn"]
[EventRounds "9"]
[EventCountry "GER"]
[SourceTitle "EXT 2019"]
[Source "ChessBase"]
[SourceDate "2018.10.10"]
[SourceVersion "1"]
[SourceVersionDate "2018.10.10"]
[SourceQuality "1"]
[WhiteTeam "Werder Bremen III"]
[BlackTeam "Nordhorn Blanke"]
[WhiteTeamCountry "GER"]
[BlackTeamCountry "GER"]

1. d4 d5 2. Nf3 Nf6 3. g3 e6 4. Bg2 b5 5. Ne5 Bb7 6. 0-0 Nbd7 7. Nd3 Be7 8. Bf4 0-0 9. a4 b4 10. a5 Ba6 11. Re1 Rb8 12. Nd2 Nh5 13. Ne5 Bb5 14. Nxd7 Qxd7 15. Be3 Nf6 16. Nf3 Ng4 17. Bf4 Bd6 18. Qd2 Rfc8 19. h3 Nf6 20. Ne5 Qd8 21. Bg5 c5 22. e4 dxe4 23. Ng4 Be7 24. Nxf6+ Bxf6 25. Bxf6 gxf6 0-1

[Event "Bayern-chI Bank Hofmann 21st"]
[Site "Tegernsee"]
[Date "2017.11.03"]
[Round "7"]
[White "Schoetzig, Detlef"]
[Black "Donchenko, Anatoly G"]
[Result "0-1"]
[WhiteElo "2114"]
[BlackElo "2301"]
[PlyCount "66"]
[EventDate "2017.10.28"]
[EventType "swiss"]
[EventRounds "9"]
[EventCountry "GER"]
[SourceTitle "CBM 181 Extra"]
[Source "ChessBase"]
[SourceDate "2017.12.12"]
[SourceVersion "1"]
[SourceVersionDate "2017.12.12"]
[SourceQuality "1"]

1. Nf3 Nf6 2. g3 b5 3. Bg2 Bb7 4. 0-0 e6 5. b3 c5 6. Bb2 Be7 7. d4 cxd4 8. Nxd4 Bxg2 9. Kxg2 Qb6 10. Qd3 Qb7+ 11. Qf3 d5 12. Nd2 0-0 13. c4 bxc4 14. Rfc1 cxb3 15. axb3 Nbd7 16. Nc4 Bb4 17. Na5 Bxa5 18. Rxa5 Rfc8 19. Rca1 a6 20. h3 Ne4 21. Qe3 h6 22. g4 Re8 23. f3 Nd6 24. Qd2 e5 25. Nf5 Nxf5 26. gxf5 d4 27. e3 Qxb3 28. R1a3 dxe3 29. Rxb3 exd2 30. Rd3 Nb6 31. Rxe5 Nc4 32. Rxe8+ Rxe8 33. Bd4 Re1 0-1

[Event "Oberliga Nord W 1617"]
[Site "Germany"]
[Date "2016.12.04"]
[Round "3.7"]
[White "Von Estorff, Jacob"]
[Black "Schoetzig, Detlef"]
[Result "1/2-1/2"]
[WhiteElo "1885"]
[BlackElo "2114"]
[PlyCount "33"]
[EventDate "2016.10.16"]
[EventType "team-tourn"]
[EventRounds "9"]
[EventCountry "GER"]
[SourceTitle "EXT 2018"]
[Source "ChessBase"]
[SourceDate "2017.10.13"]
[SourceVersion "1"]
[SourceVersionDate "2017.10.13"]
[SourceQuality "1"]
[WhiteTeam "Uelzen Post"]
[BlackTeam "Werder Bremen"]
[WhiteTeamCountry "GER"]
[BlackTeamCountry "GER"]

1. e4 d5 2. exd5 Nf6 3. d4 Nxd5 4. c4 Nb6 5. Nc3 e5 6. Nf3 Bg4 7. Be3 exd4 8. Qxd4 Qxd4 9. Nxd4 Bb4 10. Rc1 Na6 11. a3 Bxc3+ 12. Rxc3 0-0-0 13. Be2 Bxe2 14. Kxe2 Rhe8 15. Rd1 Nc5 16. b3 Nbd7 17. f3 1/2-1/2

[Event "Voesendorf op"]
[Site "Voesendorf"]
[Date "2007.06.09"]
[Round "4"]
[White "Schoetzig, Detlef"]
[Black "Frey, Armin"]
[Result "1-0"]
[WhiteElo "2129"]
[BlackElo "2031"]
[PlyCount "81"]
[EventDate "2007.06.07"]
[EventType "swiss"]
[EventRounds "5"]
[EventCountry "AUT"]
[SourceTitle "EXT 2008"]
[Source "ChessBase"]
[SourceDate "2007.11.25"]
[SourceVersion "1"]
[SourceVersionDate "2007.11.25"]
[SourceQuality "1"]

1. d4 f5 2. Nc3 Nf6 3. Bg5 e6 4. e4 fxe4 5. Bxf6 Qxf6 6. Nxe4 Qg6 7. Ng3 Be7 8. Bd3 Qh6 9. Nf3 d6 10. c3 0-0 11. Qe2 Nd7 12. Bc4 d5 13. Bxd5 Nb6 14. Bb3 a5 15. a4 Bd6 16. 0-0 Nd5 17. Bxd5 exd5 18. Ne5 Be6 19. Rae1 Rae8 20. Qe3 Qh4 21. f4 Bd7 22. b3 b6 23. Qf3 Be6 24. Ne2 c5 25. Qg3 Qd8 26. Qd3 Bf5 27. Qb5 Qc7 28. Ng3 Rd8 29. Nxf5 Rxf5 30. g3 Rff8 31. Nf3 h6 32. Ne5 Rf6 33. Ng4 Rff8 34. Qd3 Qf7 35. Ne5 Qf6 36. Re3 Bc7 37. Ng6 Rfe8 38. Rfe1 Qf7 39. Re7 c4 40. bxc4 dxc4 41. Qb1 1-0

[Event "BL2-Nord 0607"]
[Site "Germany"]
[Date "2006.10.29"]
[Round "2.6"]
[White "Schoetzig, Detlef"]
[Black "Horn, Sven"]
[Result "1/2-1/2"]
[WhiteElo "2115"]
[BlackElo "2115"]
[PlyCount "44"]
[EventDate "2006.10.15"]
[EventType "team-tourn"]
[EventRounds "9"]
[EventCountry "GER"]
[SourceTitle "EXT 2008"]
[Source "ChessBase"]
[SourceDate "2007.11.25"]
[SourceVersion "1"]
[SourceVersionDate "2007.11.25"]
[SourceQuality "1"]
[WhiteTeam "Werder Bremen II"]
[BlackTeam "Steglitz Wilmersdorf"]
[WhiteTeamCountry "GER"]
[BlackTeamCountry "GER"]

1. c4 Nf6 2. Nc3 g6 3. g3 Bg7 4. Bg2 0-0 5. Nf3 d6 6. d4 Nbd7 7. 0-0 e5 8. e4 exd4 9. Nxd4 Re8 10. f3 h6 11. Be3 Ne5 12. b3 Kh7 13. Qd2 Bd7 14. Rac1 a6 15. Nd5 c5 16. Ne2 Nxd5 17. Qxd5 Bc6 18. Qd2 Qe7 19. Nc3 Red8 20. h3 b5 21. f4 Nd7 22. Nd5 Bxd5 1/2-1/2

[Event "Seefeld op 17th"]
[Site "Seefeld"]
[Date "2006.10.01"]
[Round "9"]
[White "Dittmar, Peter"]
[Black "Schoetzig, Detlef"]
[Result "1-0"]
[WhiteElo "2334"]
[BlackElo "2124"]
[PlyCount "75"]
[EventDate "2006.09.23"]
[EventType "swiss"]
[EventRounds "9"]
[EventCountry "AUT"]
[SourceTitle "EXT 2009"]
[Source "ChessBase"]
[SourceDate "2008.11.26"]
[SourceVersion "1"]
[SourceVersionDate "2008.11.26"]
[SourceQuality "1"]

1. d4 Nf6 2. Bg5 e6 3. e4 h6 4. Bxf6 Qxf6 5. Nf3 c5 6. c3 cxd4 7. cxd4 Nc6 8. Nc3 Bb4 9. Bc4 0-0 10. 0-0 Bxc3 11. bxc3 d6 12. Qa4 e5 13. Bd5 Bg4 14. dxe5 dxe5 15. Nd2 Qg5 16. Nc4 a6 17. Ne3 Bd7 18. Qa3 Rab8 19. Rab1 Rfe8 20. Rb6 Bh3 21. Kh1 Be6 22. Rfb1 Ne7 23. Bxe6 fxe6 24. Rxe6 Rbd8 25. Rd6 Ng6 26. Rbd1 Rxd6 27. Qxd6 Rf8 28. Qd2 Nh4 29. f3 Qf4 30. Nd5 Qf7 31. Qf2 Qh5 32. Qg3 Kh7 33. Ne3 Nxf3 34. gxf3 Rxf3 35. Qg4 Qf7 36. Rd7 Rf1+ 37. Nxf1 Qxf1+ 38. Qg1 1-0

[Event "Seefeld op 17th"]
[Site "Seefeld"]
[Date "2006.09.28"]
[Round "6"]
[White "Schoetzig, Detlef"]
[Black "Stock, Juergen"]
[Result "1/2-1/2"]
[WhiteElo "2124"]
[BlackElo "2026"]
[PlyCount "112"]
[EventDate "2006.09.23"]
[EventType "swiss"]
[EventRounds "9"]
[EventCountry "AUT"]
[SourceTitle "EXT 2009"]
[Source "ChessBase"]
[SourceDate "2008.11.26"]
[SourceVersion "1"]
[SourceVersionDate "2008.11.26"]
[SourceQuality "1"]

1. c4 f5 2. Nc3 Nf6 3. d4 e6 4. Nf3 c6 5. e3 d5 6. Bd3 Bd6 7. Ne5 0-0 8. 0-0 Nbd7 9. f4 Ne4 10. Nxd7 Bxd7 11. Nxe4 fxe4 12. Be2 Rf6 13. Rb1 Rh6 14. g3 g5 15. b4 gxf4 16. exf4 a6 17. a4 Qf6 18. Be3 Kh8 19. Rf2 Rg8 20. Rg2 Qf5 21. b5 axb5 22. cxb5 Qh3 23. Qf1 Be7 24. Qf2 Rhg6 25. Bd2 Bh4 26. Be1 Qf5 27. Rb3 Be7 28. a5 cxb5 29. Bxb5 Bc8 30. Qc2 Bd6 31. Bf1 Rf8 32. Bb4 Bxb4 33. Rxb4 Rg7 34. Qc1 Qf6 35. Rc2 Bd7 36. Bg2 Ra8 37. Qa1 Qd8 38. Rxb7 Ba4 39. Rcb2 Rxb7 40. Rxb7 Qxa5 41. Bxe4 Qd2 42. Bxh7 Rc8 43. Rb1 Be8 44. Qa3 Qxd4+ 45. Kg2 Kxh7 46. Rb7+ Kg8 47. Qb2 Qe4+ 48. Kg1 d4 49. Rb8 Rxb8 50. Qxb8 Kf7 51. Qc7+ Kg6 52. Qd8 Qe1+ 53. Kg2 Qe2+ 54. Kg1 Qd1+ 55. Kf2 Qd2+ 56. Kg1 Qe1+ 1/2-1/2

[Event "Seefeld op 17th"]
[Site "Seefeld"]
[Date "2006.09.26"]
[Round "4"]
[White "Rausch, Stephan"]
[Black "Schoetzig, Detlef"]
[Result "1-0"]
[WhiteElo "2343"]
[BlackElo "2124"]
[PlyCount "67"]
[EventDate "2006.09.23"]
[EventType "swiss"]
[EventRounds "9"]
[EventCountry "AUT"]
[SourceTitle "EXT 2009"]
[Source "ChessBase"]
[SourceDate "2008.11.26"]
[SourceVersion "1"]
[SourceVersionDate "2008.11.26"]
[SourceQuality "1"]

1. d4 Nf6 2. Nf3 e6 3. Bg5 h6 4. Bh4 c5 5. e3 d5 6. c3 Qb6 7. Qc1 Bd7 8. Nbd2 cxd4 9. exd4 Bb5 10. Ne5 Bxf1 11. Nxf1 Nc6 12. Bxf6 gxf6 13. Nd3 Bd6 14. Ne3 Rg8 15. 0-0 0-0-0 16. f4 Kb8 17. Kh1 Rg7 18. Qd2 Rdg8 19. Rf2 Qc7 20. Qe2 f5 21. Rg1 Ne7 22. Qh5 Rh8 23. g3 Ng8 24. Qh4 Be7 25. Qh3 Nf6 26. g4 Rhg8 27. Rfg2 Bd6 28. gxf5 Rxg2 29. Rxg2 Bxf4 30. Rxg8+ Nxg8 31. fxe6 fxe6 32. Qxe6 Bxe3 33. Qxg8+ Qc8 34. Qg3+ 1-0

[Event "Seefeld op 17th"]
[Site "Seefeld"]
[Date "2006.09.24"]
[Round "2"]
[White "Strasser, Josef1111"]
[Black "Schoetzig, Detlef"]
[Result "0-1"]
[WhiteElo "1917"]
[BlackElo "2124"]
[PlyCount "94"]
[EventDate "2006.09.23"]
[EventType "swiss"]
[EventRounds "9"]
[EventCountry "AUT"]
[SourceTitle "EXT 2009"]
[Source "ChessBase"]
[SourceDate "2008.11.26"]
[SourceVersion "1"]
[SourceVersionDate "2008.11.26"]
[SourceQuality "1"]

1. d4 Nf6 2. c4 e5 3. dxe5 Ng4 4. Bf4 Nc6 5. Nf3 Bb4+ 6. Nbd2 Qe7 7. a3 Ngxe5 8. Nxe5 Nxe5 9. e3 Bxd2+ 10. Qxd2 d6 11. Be2 b6 12. 0-0 Bb7 13. f3 0-0-0 14. e4 f6 15. b4 g5 16. Be3 h5 17. Qc2 f5 18. Bd4 f4 19. c5 dxc5 20. Bxe5 Qxe5 21. bxc5 Qd4+ 22. Kh1 Qxc5 23. Qxc5 bxc5 24. Rfd1 Rxd1+ 25. Rxd1 Rd8 26. g3 Rxd1+ 27. Bxd1 c4 28. gxf4 gxf4 29. Kg2 c3 30. Kh3 Ba6 31. Bc2 Be2 32. Kg2 Kd7 33. Kf2 Bc4 34. h4 Kd6 35. Ke1 Ke5 36. Kd1 Bf7 37. Kc1 Kd4 38. Bd1 Kd3 39. Bc2+ Ke3 40. Bd1 Kf2 41. Kc2 Kg3 42. Kxc3 Kxh4 43. Be2 Kg3 44. Bf1 h4 45. Kd4 h3 46. Bxh3 Kxh3 47. e5 Kg3 0-1

[Event "Seefeld op 16th"]
[Site "Seefeld"]
[Date "2005.09.24"]
[Round "8"]
[White "Schoetzig, Detlef"]
[Black "Lagrotteria, Salvatore"]
[Result "1/2-1/2"]
[WhiteElo "2124"]
[BlackElo "2214"]
[PlyCount "88"]
[EventDate "2005.09.17"]
[EventType "swiss"]
[EventRounds "9"]
[EventCountry "AUT"]
[SourceTitle "EXT 2007"]
[Source "ChessBase"]
[SourceDate "2006.11.23"]
[SourceVersion "1"]
[SourceVersionDate "2006.11.23"]
[SourceQuality "1"]

1. c4 Nf6 2. Nc3 c5 3. g3 Nc6 4. Bg2 e6 5. Nf3 Be7 6. 0-0 0-0 7. d4 cxd4 8. Nxd4 a6 9. Nxc6 bxc6 10. e4 Qc7 11. Qe2 e5 12. Be3 a5 13. b3 d6 14. h3 Ba6 15. Rfd1 Nd7 16. Qd2 Rfd8 17. Na4 Rab8 18. Rac1 Nf8 19. Qc3 Ne6 20. c5 Bb5 21. cxd6 Rxd6 22. Rxd6 Bxd6 23. Nc5 Bxc5 24. Bxc5 a4 25. Rd1 Nxc5 26. Qxc5 axb3 27. axb3 h6 28. Bf3 Rb7 29. Ra1 Qe7 30. Ra8+ Kh7 31. Qc3 Rd7 32. Bg4 Rd4 33. Qa1 g6 34. Ra7 Qf6 35. f4 h5 36. fxe5 Qxe5 37. Rxf7+ Kg8 38. Rf4 Rxe4 39. Qa8+ Qe8 40. Qxe8+ Rxe8 41. Bf3 Re3 42. b4 Kg7 43. h4 Rc3 44. Kf2 c5 1/2-1/2

[Event "Seefeld op 16th"]
[Site "Seefeld"]
[Date "2005.09.21"]
[Round "5"]
[White "Ballon, Guenther Jan"]
[Black "Schoetzig, Detlef"]
[Result "1/2-1/2"]
[WhiteElo "2213"]
[BlackElo "2124"]
[PlyCount "39"]
[EventDate "2005.09.17"]
[EventType "swiss"]
[EventRounds "9"]
[EventCountry "AUT"]
[SourceTitle "EXT 2007"]
[Source "ChessBase"]
[SourceDate "2006.11.23"]
[SourceVersion "1"]
[SourceVersionDate "2006.11.23"]
[SourceQuality "1"]

1. d4 Nf6 2. c4 e5 3. dxe5 Ng4 4. Bf4 Nc6 5. Nf3 Bb4+ 6. Nbd2 Qe7 7. e3 Ngxe5 8. Nxe5 Nxe5 9. Be2 d6 10. 0-0 0-0 11. Nb3 b6 12. a3 Bc5 13. Nxc5 bxc5 14. b4 Nd7 15. Bf3 Rb8 16. Rb1 Bb7 17. Bxb7 Rxb7 18. bxc5 Rxb1 19. Qxb1 Nxc5 20. Qb5 1/2-1/2

[Event "Seefeld op 14th"]
[Site "Seefeld"]
[Date "2003.09.13"]
[Round "1"]
[White "Heyse, Juergen"]
[Black "Schoetzig, Detlef"]
[Result "0-1"]
[WhiteElo "1570"]
[BlackElo "2124"]
[PlyCount "56"]
[EventDate "2003.09.13"]
[EventType "swiss"]
[EventRounds "9"]
[EventCountry "AUT"]
[SourceTitle "CBM 097 Extra"]
[Source "ChessBase"]
[SourceDate "2004.01.13"]
[SourceVersion "1"]
[SourceVersionDate "2004.01.13"]
[SourceQuality "1"]

1. d4 Nf6 2. Nf3 d5 3. e3 Bg4 4. Be2 e6 5. Ne5 Bxe2 6. Qxe2 c6 7. Nd2 Nbd7 8. Ndf3 Ne4 9. 0-0 Bd6 10. c4 f6 11. Nxd7 Qxd7 12. cxd5 exd5 13. Nd2 f5 14. f3 Nxd2 15. Bxd2 0-0 16. a3 Rae8 17. Qd3 Rf6 18. e4 fxe4 19. fxe4 dxe4 20. Qc4+ Qf7 21. Qxf7+ Kxf7 22. Be3 Rxf1+ 23. Rxf1+ Ke6 24. a4 Rf8 25. Rxf8 Bxf8 26. b3 Kd5 27. Kf1 Bb4 28. Ke2 Bc3 0-1

[Event "Seefeld op 13th"]
[Site "Seefeld"]
[Date "2002.09.21"]
[Round "8"]
[White "Tscharotschkin, Michael"]
[Black "Schoetzig, Detlef"]
[Result "1/2-1/2"]
[WhiteElo "2212"]
[BlackElo "2111"]
[PlyCount "90"]
[EventDate "2002.09.14"]
[EventType "swiss"]
[EventRounds "9"]
[EventCountry "AUT"]
[SourceTitle "EXT 2007"]
[Source "ChessBase"]
[SourceDate "2006.11.23"]
[SourceVersion "1"]
[SourceVersionDate "2006.11.23"]
[SourceQuality "1"]

1. e4 Nf6 2. e5 Nd5 3. d4 d6 4. f4 dxe5 5. fxe5 c5 6. Nf3 Nc6 7. c4 Ndb4 8. d5 Bf5 9. Na3 Qa5 10. Bd2 Nb8 11. Be2 e6 12. 0-0 Qb6 13. Kh1 Nd7 14. Bc3 Be7 15. Qd2 a6 16. Rad1 Nxa2 17. Ba5 Qb3 18. g4 Bxg4 19. Nd4 Qh3 20. Qf4 Nxe5 21. Nxe6 Bxe2 22. Ng5 Qg4 23. Qxe5 Bxf1 24. Rxf1 Qxg5 25. Rf5 Qc1+ 26. Kg2 0-0 27. Qxe7 Qxb2+ 28. Rf2 Qxa3 29. Bc7 Rae8 30. Qg5 Qc1 31. Qg4 Nc3 32. d6 Nd1 33. Qf4 Qxc4 34. Qxc4 Ne3+ 35. Kf3 Nxc4 36. Rc2 Re3+ 37. Kf2 b5 38. Rxc4 bxc4 39. Kxe3 Re8+ 40. Kd2 Re4 41. Kc3 Kf8 42. d7 Rd4 43. d8Q+ Rxd8 44. Bxd8 Ke8 45. Bb6 Ke7 1/2-1/2

[Event "Seefeld op 13th"]
[Site "Seefeld"]
[Date "2002.09.17"]
[Round "4"]
[White "Schmid, Thomas"]
[Black "Schoetzig, Detlef"]
[Result "1/2-1/2"]
[WhiteElo "2183"]
[BlackElo "2111"]
[PlyCount "176"]
[EventDate "2002.09.14"]
[EventType "swiss"]
[EventRounds "9"]
[EventCountry "AUT"]
[SourceTitle "EXT 2007"]
[Source "ChessBase"]
[SourceDate "2006.11.23"]
[SourceVersion "1"]
[SourceVersionDate "2006.11.23"]
[SourceQuality "1"]

1. Nc3 e5 2. Nf3 Nc6 3. d4 exd4 4. Nxd4 Nf6 5. Bg5 Bb4 6. Qd3 d6 7. Nxc6 Bxc3+ 8. Qxc3 bxc6 9. Qxc6+ Bd7 10. Qc3 h6 11. Bxf6 Qxf6 12. Qxf6 gxf6 13. e3 Rg8 14. g3 Bc6 15. Rg1 Rb8 16. 0-0-0 Rg5 17. Rd4 Rh5 18. h4 Ra5 19. a3 Bd7 20. Be2 Ke7 21. Rgd1 Rf5 22. Rf4 Rxf4 23. exf4 f5 24. Rd5 c5 25. Rd3 Be6 26. Bf3 Bc4 27. Re3+ Kf6 28. b3 Be6 29. c4 a5 30. Bc6 Rc8 31. Bb5 Rc7 32. Kc2 Rc8 33. Kc3 Ra8 34. Re1 Ra7 35. Rd1 Ke7 36. Rg1 Ra8 37. h5 Rg8 38. Bc6 Rb8 39. Rb1 Rb6 40. Bf3 Rb8 41. b4 cxb4+ 42. axb4 Rc8 43. Be2 axb4+ 44. Rxb4 d5 45. Kd4 dxc4 46. Bxc4 Rd8+ 47. Ke3 Bxc4 48. Rxc4 Kf6 49. f3 Re8+ 50. Kf2 Rb8 51. Rc6+ Kg7 52. g4 fxg4 53. fxg4 Rb2+ 54. Kf3 Rb3+ 55. Ke4 Rb4+ 56. Ke5 Rb5+ 57. Kd4 Rb4+ 58. Rc4 Rb1 59. Ke4 Rb5 60. Rd4 Kf6 61. Rd6+ Kg7 62. Rd5 Rb1 63. Kf5 Rh1 64. Rd6 Rh2 65. Rd1 Rh3 66. Ke4 Rg3 67. Kf5 Rh3 68. Rd2 Rh1 69. Ke4 Rh3 70. Re2 Rg3 71. Kf5 Rh3 72. Rg2 Rh1 73. Ke4 Re1+ 74. Kf3 Rf1+ 75. Kg3 Rh1 76. Kf2 Rh3 77. Rg3 Rh2+ 78. Kg1 Ra2 79. g5 Ra4 80. Rg4 hxg5 81. Rxg5+ Kh6 82. Rf5 Ra2 83. Kf1 Rb2 84. Ke1 Ra2 85. Kf1 Rb2 86. Kg1 Ra2 87. Re5 Ra4 88. Rf5 Ra2 1/2-1/2

[Event "Seefeld op 12th"]
[Site "Seefeld"]
[Date "2001.09.22"]
[Round "8"]
[White "Schoetzig, Detlef"]
[Black "Weinzettl, Ernst"]
[Result "0-1"]
[WhiteElo "2106"]
[BlackElo "2413"]
[PlyCount "72"]
[EventDate "2001.09.15"]
[EventType "swiss"]
[EventRounds "9"]
[EventCountry "AUT"]
[SourceTitle "EXT 2002"]
[Source "ChessBase"]
[SourceDate "2001.11.25"]
[SourceVersion "1"]
[SourceVersionDate "2001.11.25"]
[SourceQuality "1"]

1. c4 e5 2. Nc3 Nc6 3. Nf3 g6 4. d4 exd4 5. Nxd4 Bg7 6. Nxc6 bxc6 7. e4 d6 8. Be2 c5 9. Be3 Ne7 10. 0-0 Rb8 11. Qd2 0-0 12. Rad1 Be6 13. b3 Nc6 14. Bg5 Bxc3 15. Bxd8 Bxd2 16. Bxc7 Bf4 17. Bxb8 Rxb8 18. g3 Be5 19. f4 Bd4+ 20. Kg2 Nb4 21. Rd2 a5 22. g4 Rb6 23. Rfd1 Kf8 24. Kf3 Ke7 25. Bd3 Bd7 26. Bb1 h6 27. h4 Nc6 28. Kg3 g5 29. fxg5 hxg5 30. h5 Be5+ 31. Kh3 Rb8 32. Rh1 Bf4 33. Rf2 Ne5 34. Rxf4 gxf4 35. Rf1 Bxg4+ 36. Kh4 Rh8 0-1